Slovenské trestné právo Perspektívy a vývojové trendy
Názory na nutnosť rekodifikácie trestných kódexov, Trestného zákona i procesného kódexu - Trestného poriadku. Základné princípy a zásady budovania týchto kódexov. Otázky ukladania trestov, problém majetkových deliktov, otázky väzby. Problematika konania pred súdom.
Salvato in:
| Autore principale: | |
|---|---|
| Natura: | Capitolo di libro |
| Lingua: | slovacco |
| Soggetti: | |
| Tags: |
Nessun Tag, puoi essere il primo ad aggiungerne!!
|
MARC
| LEADER | 00000naa a2200000 4500 | ||
|---|---|---|---|
| 001 | r019676 | ||
| 005 | 20221213100357.7 | ||
| 041 | 0 | |a slo | |
| 044 | |a SK | ||
| 245 | 1 | 0 | |a Slovenské trestné právo |b Perspektívy a vývojové trendy |c V. Mathern |
| 520 | |a Názory na nutnosť rekodifikácie trestných kódexov, Trestného zákona i procesného kódexu - Trestného poriadku. Základné princípy a zásady budovania týchto kódexov. Otázky ukladania trestov, problém majetkových deliktov, otázky väzby. Problematika konania pred súdom. | ||
| 610 | 2 | 0 | |a právo trestné |
| 610 | 2 | 0 | |a Slovensko |
| 610 | 2 | 0 | |a kódexy |
| 610 | 2 | 0 | |a súdnictvo |
| 610 | 2 | 0 | |a konanie súdne občianske |
| 610 | 2 | 0 | |a kriminalita |
| 100 | 1 | |a Mathern, V. | |